000 01227nam a2200325 i 4500
003 DO-SdBNP
005 20260321073646.0
007 ta
008 250530b1999 dr abc|| |||| 00| 0 spa d
040 _aDO-SdBNP
_bspa
_cBNPHU
_erda
041 _aspa
082 4 _a305.57293
_bB742c 1999
_222
100 1 _a Bosch, Juan,
_d1909-2001
_eautor
_4aut.
_976555
245 1 0 _aComposición social dominicana :
_bhistoria e interpretación /
_cJuan Bosch ; edición, Diómedes Núñez Polanco
250 _aVigésima edición
264 1 _aSanto Domingo :
_bEditora Alfa y Omega,
_c1999
300 _a418 páginas :
_bilustraciones, mapas, retratos ;
_c24 cm.
336 _atexto
_btxt
_2rdacontent
337 _asin mediación
_bn
_2rdamedia
338 _avolumen
_bnc
_2rdacarrier
500 _aIncluye referencias bibliográficas y notas al pie de las páginas
590 _aInventariado, 2025/BT
650 4 _aClases sociales
_zRepública Dominicana
_xHistoria
_9413
650 4 _aSociología
_xHistoria
_9414
651 4 _aRepública Dominicana
_xCondiciones sociales
_946
651 4 _aRepública Dominicana
_xHistoria
_9170
700 1 _aNúñez Polanco, Diómedes,
_eeditor
_4ed.
_987407
910 _aBtavárez
942 _2ddc
_cLBS1
999 _c59109
_d59109